| 000 | 00678nam a2200205Ia 4500 | ||
|---|---|---|---|
| 003 | OSt | ||
| 005 | 20240809110733.0 | ||
| 008 | 210210b1977 xxu||||| |||| 00| 0 eng d | ||
| 040 | _cAL | ||
| 041 | _aKannada | ||
| 082 | _a332.1K PANB | ||
| 100 |
_aPANDITA (T M). _d ಪಂಡಿತ (ಟಿ ಎ೦) _9176122 |
||
| 245 |
_aBharatadalli banking kanunu mattu acharane. _bಭಾರತದಲ್ಲಿ ಬ್ಯಾಂಕಿಂಗ್ ಕಾನೂನು ಮತ್ತು ಆಚರಣೆ |
||
| 260 |
_aDharavada _bKannada Adhyayana Pita _c1977 |
||
| 300 | _a509 | ||
| 650 |
_aByanking kanunu mattu acharane _9176123 |
||
| 690 |
_aBanking _9176124 |
||
| 906 | _a034425 | ||
| 942 |
_2ddc _cBK |
||
| 999 |
_c84869 _d84869 |
||